LEADER 00958nam a2200229 i 4500 001 000000073237 003 CaOOAMICUS 005 20090522000000.0 008 090522s1969 it u000 u ita u 013 $a44409 040 $aSeMil$bita 245 10$aMomenti di storia della filosofia /$ca cura di C. Mazzantini ... [et al.]. 250 $a2. ed. riveduta e aggiornata. 260 $aMilano :$bMarzorati,$c1969. 300 $aXV, 535 p. ;$c26 cm. 650 4$aFilosofia - Storia - Saggi.$0(OLS)http://semarc/subject/10199 700 1 $aMazzantini, Carlo <1895-1971>.$0(OLS)http://semarc/name/35015 773 0 $tOrientamenti filosofici e pedagogici.$dMilano : Marzorati, 1969.$gVol.1$w()1398 850 $aSeMil 852 $aSeMil$W1$xVenegono$y1$m2Q IV 172$j39389$B39389$CSeMilBibl$Z2$F39393 $81 996 $6245$aMomenti di storia della filosofia$9(OLS)http://semarc/title/118247 996 $6260$aMilano :$bMarzorati$9(OLS)http://semarc/publisher/29683 LEADER 01157nam a2200253 i 4500 001 000000227715 003 CaOOAMICUS 005 20140305000000.0 008 140305s1907 fr u000 u fre u 013 $a206617 040 $aSeMil$bita 100 1 $aRose, Vincent.$0(OLS)http://semarc/name/78021 245 10$aÉvangile selon S. Marc :$btraduction et commentaire /$cpar V. Rose. 250 $aSixième Édition. 260 $aParis :$bLibrairie Bloud & Cie,$c1907. 300 $aXXXII, 192 p. :$bill. ;$c19 cm. 490 0 $aBibliothèque de l'enseignement scripturaire 500 $aIn mezzo al front : Cartes et Plans. 650 4$aBibbia. Nuovo Testamento. Vangelo secondo Matteo - Commentari, studi, critica, interpretazioni.$0(OLS)http://semarc/subject/32 830 0$aBibliothèque de l'enseignement scripturaire.$0(OLS)http://semarc/title/28870 850 $aSeMil 852 $aSeMil$W1$xVenegono$y1$m2Y II 110$j178061$B178061$CSeMilBibl$Z2$F188902 $81 996 $6245$aÉvangile selon S. Marc :$btraduction et commentaire$9(OLS)http://semarc/title/325869 996 $6260$aParis :$bLibrairie Bloud & Cie$9(OLS)http://semarc/publisher/34049